Teaching of biological sciences (Record no. 234228)
[ view plain ]
| 000 -LEADER | |
|---|---|
| fixed length control field | 01021cam a2200229u 4500 |
| 001 - CONTROL NUMBER | |
| control field | 9857681 |
| 003 - CONTROL NUMBER IDENTIFIER | |
| control field | Nust |
| 005 - DATE AND TIME OF LATEST TRANSACTION | |
| control field | 20170316114906.0 |
| 008 - FIXED-LENGTH DATA ELEMENTS--GENERAL INFORMATION | |
| fixed length control field | 820922s1964 ilua 000 0 eng |
| 010 ## - LIBRARY OF CONGRESS CONTROL NUMBER | |
| LC control number | a 64007743 |
| 020 ## - INTERNATIONAL STANDARD BOOK NUMBER | |
| International Standard Book Number | 978-81-203-3718-3 |
| 040 ## - CATALOGING SOURCE | |
| Original cataloging agency | DLC |
| Transcribing agency | ASAB |
| Modifying agency | DLC |
| 082 ## - DEWEY DECIMAL CLASSIFICATION NUMBER | |
| Classification number | 570 |
| 245 10 - TITLE STATEMENT | |
| Title | Teaching of biological sciences |
| Statement of responsibility, etc. | by Jasim Ahmad |
| 246 ## - VARYING FORM OF TITLE | |
| Title proper/short title | biological sciences |
| 247 ## - FORMER TITLE | |
| Title | Teaching of biological sciences |
| 300 ## - PHYSICAL DESCRIPTION | |
| Extent | 340 p. |
| Other physical details | illus. |
| Dimensions | 23 cm. |
| 650 #0 - SUBJECT ADDED ENTRY--TOPICAL TERM | |
| Topical term or geographic name entry element | Biology |
| General subdivision | Study and teaching |
| 906 ## - LOCAL DATA ELEMENT F, LDF (RLIN) | |
| a | 0 |
| b | cbc |
| c | premunv |
| d | u |
| e | ncip |
| f | 19 |
| g | y-gencatlg |
| 942 ## - ADDED ENTRY ELEMENTS (KOHA) | |
| Source of classification or shelving scheme | |
| Koha item type | Book |
| Withdrawn status | Lost status | Source of classification or shelving scheme | Damaged status | Not for loan | Collection code | Permanent Location | Current Location | Date acquired | Total Checkouts | Full call number | Barcode | Date last seen | Price effective from | Koha item type |
|---|---|---|---|---|---|---|---|---|---|---|---|---|---|---|
| Central Library (CL) | Central Library (CL) | 03/16/2017 | 570 AHM | ASAB2200 | 03/16/2017 | 03/16/2017 | Book |
